| 000 | 00417 a2200169 4500 | ||
|---|---|---|---|
| 001 | 066946 | ||
| 003 | OSt | ||
| 005 | 20211022114741.0 | ||
| 008 | |||
| 082 |
_a658.4092 _bR79C |
||
| 100 | 1 | _aRowe, Glenn W. | |
| 245 | 1 |
_aCases in leadership _cby Glenn W. Rowe |
|
| 260 |
_aLondon _bSage Publications _c2009 |
||
| 300 | _a421p. | ||
| 690 | _aLeadership; Management | ||
| 942 |
_2ddc _cBK |
||
| 999 |
_c937 _d937 |
||